| Tag |
First Indicator |
Second Indicator |
Subfields |
| LEADER |
00000cam a2200000 i 4500 |
| 001 |
in00000008447 |
| 005 |
20151003060016.0 |
| 008 |
781219s1979 nyu b 00100 eng |
| 010 |
|
|
|a 78031265
|
| 020 |
|
|
|a 0122880501
|
| 035 |
|
|
|a (OCoLC)04549561
|
| 035 |
|
|
|9 AAA0837AM
|
| 040 |
|
|
|a DLC
|c DLC
|d TMC
|d GTU
|d m.c.
|d TXA
|d UtOrBLW
|
| 050 |
0 |
0 |
|a RC480.5
|b .M352
|
| 060 |
|
0 |
|a WM 420.3 M464 1979
|
| 082 |
0 |
|
|a 616.8/914
|
| 245 |
0 |
0 |
|a Maximizing treatment gains :
|b transfer enhancement in psychotherapy /
|c edited by Arnold P. Goldstein, Frederick H. Kanfer.
|
| 264 |
|
1 |
|a New York :
|b Academic Press,
|c [1979]
|
| 264 |
|
4 |
|c ©1979
|
| 300 |
|
|
|a xii, 487 pages ;
|c 24 cm.
|
| 336 |
|
|
|a text
|b txt
|2 rdacontent
|
| 337 |
|
|
|a unmediated
|b n
|2 rdamedia
|
| 338 |
|
|
|a volume
|b nc
|2 rdacarrier
|
| 504 |
|
|
|a Includes bibliographies and index.
|
| 650 |
|
0 |
|a Psychotherapy.
|
| 650 |
|
0 |
|a Transfer of training.
|
| 700 |
1 |
|
|a Goldstein, Arnold P.
|
| 700 |
1 |
|
|a Kanfer, Frederick H.,
|d 1925-2002.
|
| 999 |
|
|
|a MARS
|
| 999 |
f |
f |
|s abda9230-5dbb-3712-aa36-89c7996a4488
|i a9e22962-007f-3b2d-9060-8ef3a033f196
|t 0
|
| 952 |
f |
f |
|p ric
|a Texas A&M University
|b Rellis Campus
|c Joint Library Facility
|d Remote Storage
|t 0
|e RC480.5 .M352
|h Library of Congress classification
|i unmediated -- volume
|m A14812572638
|
| 998 |
f |
f |
|a RC480.5 .M352
|t 0
|l Remote Storage
|